[Event "4th 4NCL Easter Congress"]
[Site "Holiday Inn Peterborough - West"]
[Date "2024.04.01"]
[Round "6"]
[Board "2"]
[White "Ter Gevorkian, Edouardos"]
[Black "Rubeck, Jonathan"]
[Result "0-1"]
[WhiteElo "1850"]
[BlackElo "1839"]
[PlyCount "0"]
[EventDate "2024.03.29"]
[EventRounds "7"]
[EventCountry "ENG"]

1. e4 e6 2. d4 d5 3. e5 c5 4. c3 Nc6 5. Nf3 Qb6 6. a3 Nh6 7. b4 cxd4 8. cxd4 Nf5
9. Be3 Be7 10. Nc3 Bd7 11. Na4 Qd8 12. Bd3 Nxe3 13. fxe3 a6 14. O-O b5 15. Nc3 h6
16. Nd2 Bg5 17. Qf3 O-O 18. g3 Nxd4 19. exd4 Bxd2 20. Nb1 Qg5 21. Nxd2 Qxd2 22. Rf2
Qg5 23. h4 Qe7 24. g4 Rac8 25. g5 g6 26. gxh6 Qxh4 27. h7+ Qxh7 28. Rh2 Qg7 29. Qf6
Qxf6 30. exf6 Rc3 31. Rd1 Rxa3 32. Kf2 e5 33. Rdh1 Ra2+ 34. Be2 Rxe2+ 35. Kxe2 Bg4+
36. Kd2 Bh5 37. dxe5 Re8 38. Re1 Rc8 39. Rh4 Bf3 40. Re3 g5 41. Rh6 g4 42. Rh5 d4
43. Rb3 Rc4 44. Kd3 Bd1 45. Rb2 g3 46. Rbh2 gxh2 47. Rxh2 Rxb4 48. Rh1 Bb3 49. Ra1
Ra4 50. Rc1 Kh7 51. Ke4 Kg6 52. Rg1+ Kh5 53. Rh1+ Kg4 54. Rh8 Bc2+ 55. Kd5 d3 56.
Rg8+ Kf5 57. Rg2 Rf4 58. Kd6 Rd4+ 59. Kc5 Rd8 60. Rd2 Kxe5 61. Kb4 Kxf6 62. Kc3 Ke5
63. Kb2 Kd4 64. Rh2 f5 65. Kc1 Kc3 66. Rxc2+ Kd4 67. Rc6 a5 68. Kd2 a4 69. Rc7 Rd5
70. Rc3 Ke4 71. Rc8 f4 72. Re8+ Kf3 73. Rf8 b4 74. Ra8 a3 75. Ra4 Rd4 76. Ra5 Kf2
77. Ra8 f3 78. Rg8 b3 79. Rb8 a2 80. Ra8 b2 81. Rb8 a1=Q  0-1

[Event "4th 4NCL Easter Congress"]
[Site "Holiday Inn Peterborough - West"]
[Date "2024.04.01"]
[Round "6"]
[Board "3"]
[White "Honarvarmahalati, Hooman"]
[Black "Taylor, Robert K"]
[Result "0-1"]
[WhiteElo "1764"]
[BlackElo "1914"]
[PlyCount "0"]
[EventDate "2024.03.29"]
[EventRounds "7"]
[EventCountry "ENG"]

1. Nf3 Nf6 2. c4 d6 3. b3 e5 4. Nc3 Be7 5. e3 c6 6. d4 e4 7. Nd2 d5 8. Be2 O-O 9.
h3 Re8 10. g4 Be6 11. Nf1 Nfd7 12. Ng3 g6 13. Kf1 Kh8 14. f4 exf3 15. Bxf3 dxc4 16.
e4 Bf6 17. Bb2 Nb6 18. Nce2 N8d7 19. Qc2 cxb3 20. axb3 Bg7 21. h4 Nf6 22. h5 Nxg4
23. Bxg4 Bxg4 24. hxg6 Qf6+ 25. Kg2 Bf3+ 26. Kh2 Qxg6 27. Nf4 Qh6+ 28. Nh3 Bxh1 29.
Rxh1 Qe3 30. d5 Re5 31. Nf5 Rxf5 32. Bxg7+ Kxg7 33. Rg1+ Kf6 34. exf5 Nxd5 35. Qc4
Ke7 36. Qh4+ Kd7 37. Qxh7 Qe5+ 38. Kh1 Qf6 39. Rg7 Rf8 40. Ng5 Ke7 41. Ne6 Qa1+ 42.
Kg2 Qb2+ 43. Kg1 Qb1+ 44. Kg2 Nf6 45. Qg6 Qc2+ 46. Kf1 Qd1+ 47. Kf2 Qd2+ 48. Kg1
Qe3+ 49. Kg2 Qe2+ 50. Kg1 Qe3+ 51. Kg2 Nd5 52. Qg4 Qxe6 53. fxe6 Ne3+ 54. Kf3 Nxg4
55. Rxg4 fxe6+ 56. Ke3 b6 57. Rg7+ Rf7 58. Rg8 Kd6 59. Kd4 Rf4+ 60. Kd3 Rh4 61. Ra8
a5 62. Re8 Rh3+ 63. Kc2 e5 64. Rb8 Kc5 65. Re8 Rh5 66. Kc3 b5 67. Re7 Rh3+ 68. Kc2
Kb4 69. Rxe5 Rc3+ 70. Kb2 Rxb3+ 71. Kc2 c5 72. Re8 Rh3 73. Re4+ c4 74. Re5 Rh2+ 75.
Kb1 a4 76. Rg5 a3 77. Rf5 Ka4 78. Ka1 b4 79. Rf4 Rh1+ 80. Rf1 Rxf1+ 81. Ka2 b3#  0-1

[Event "4th 4NCL Easter Congress"]
[Site "Holiday Inn Peterborough - West"]
[Date "2024.04.01"]
[Round "6"]
[Board "4"]
[White "Sugden, Freddie"]
[Black "Siu, Kam Wa"]
[Result "0-1"]
[WhiteElo "1715"]
[BlackElo "1825"]
[PlyCount "0"]
[EventDate "2024.03.29"]
[EventRounds "7"]
[EventCountry "ENG"]

1. e4 c5 2. d4 cxd4 3. c3 dxc3 4. Nxc3 Nc6 5. Bc4 e6 6. Nf3 Bb4 7. O-O Nge7 8. Qe2
Bxc3 9. bxc3 Qa5 10. Rd1 O-O 11. e5 Ng6 12. Bb5 a6 13. Bxc6 dxc6 14. c4 c5 15. h4
h6 16. Qe4 Qc7 17. Be3 Bd7 18. Qg4 Bc6 19. Bxh6 Bxf3 20. gxf3 gxh6 21. h5 Kh8 22.
hxg6 Rg8 23. Qf4 Rxg6+ 24. Kh1 f6 25. Rd6 fxe5 26. Qxe5+ Qg7 27. Qxg7+ Kxg7 28. Rd7+
Kf6 29. Rxb7 Rag8 30. Rh7 Ke5 31. Re1+ Kd4 32. Re4+ Kc3 33. Rb7 Rg5 34. Rb3+ Kc2
35. Rh4 Rg1+ 36. Kh2 R8g2 37. Kh3 Rh1+ 38. Kxg2 Rxh4 39. Rb6 Rxc4 40. Rxa6 Rd4 41.
Rxe6 c4 42. Re4 Kd3 43. Rxd4+ Kxd4 44. Kf1 c3 45. Ke2 h5 46. a4 h4 47. a5 Kc5 48.
f4 h3 49. a6 Kb6 50. Kf3 c2  0-1

[Event "4th 4NCL Easter Congress"]
[Site "Holiday Inn Peterborough - West"]
[Date "2024.04.01"]
[Round "6"]
[Board "5"]
[White "Royle, Alex"]
[Black "Dean, Robert A"]
[Result "1-0"]
[WhiteElo "1842"]
[BlackElo "1838"]
[PlyCount "0"]
[EventDate "2024.03.29"]
[EventRounds "7"]
[EventCountry "ENG"]

1. d4 d5 2. c4 c6 3. Nf3 Nf6 4. Nc3 e6 5. e3 Nbd7 6. Qc2 Bd6 7. Bd3 dxc4 8. Bxc4
b5 9. Bd3 Bb7 10. e4 Bb4 11. O-O Rc8 12. Bd2 a5 13. e5 Nd5 14. Ne4 Be7 15. a3 h6
16. Qd1 Qb6 17. Qe2 b4 18. axb4 Nxb4 19. Rfc1 c5 20. dxc5 Nxc5 21. Bb5+ Bc6 22. Bxc6+
Rxc6 23. Be3 Nbd3 24. Rc3 Qb4 25. Nxc5 Nxc5 26. Rac1 O-O 27. Rc4 Qb6 28. Qc2 Rfc8
29. Nd4 R6c7 30. Nb3 Qxb3 31. Qxb3 Nxb3 32. Rxc7 Rxc7 33. Rxc7 Bb4 34. Rb7 Na1 35.
Kf1 Nc2 36. Ke2 Nxe3 37. Kxe3 Kf8 38. Kd4 Be1 39. f3 f6 40. exf6 gxf6 41. Kc5 e5
42. Kd6 Bd2 43. Ke6 Bg5 44. Ra7  1-0

[Event "4th 4NCL Easter Congress"]
[Site "Holiday Inn Peterborough - West"]
[Date "2024.04.01"]
[Round "6"]
[Board "6"]
[White "Macphail, Kieran"]
[Black "Obi, Okwose Marc"]
[Result "1/2-1/2"]
[WhiteElo "1795"]
[BlackElo "1844"]
[PlyCount "0"]
[EventDate "2024.03.29"]
[EventRounds "7"]
[EventCountry "ENG"]

1. e4 d5 2. exd5 Qxd5 3. Nc3 Qd6 4. d4 Nf6 5. Nf3 a6 6. g3 Bg4 7. h3 Bh5 8. Bg2 Nc6
9. d5 Bxf3 10. Bxf3 Ne5 11. Bg2 Nc4 12. O-O O-O-O 13. Qd4 Nb6 14. Bf4 Qd7 15. Rfd1
e6 16. Qe3 Bd6 17. dxe6 Qxe6 18. Qf3 c6 19. Bxd6 Rxd6 20. Re1 Qd7 21. Rad1 Rd8 22.
Rxd6 Qxd6 23. Qf5+ Kb8 24. Rd1 Qe7 25. Rxd8+ Qxd8 26. Qa5 Qd4 27. Qg5 g6 28. Qh6
Qe5 29. Qf8+ Ka7 30. Qxf7 Nbd5 31. Nxd5 cxd5 32. c4 Qe1+ 33. Kh2 Qxf2 34. Kh1 Qe1+
35. Kh2  1/2-1/2

[Event "4th 4NCL Easter Congress"]
[Site "Holiday Inn Peterborough - West"]
[Date "2024.04.01"]
[Round "6"]
[Board "7"]
[White "Burton, Sean"]
[Black "Tedd, Bernie"]
[Result "1/2-1/2"]
[WhiteElo "1827"]
[BlackElo "1707"]
[PlyCount "0"]
[EventDate "2024.03.29"]
[EventRounds "7"]
[EventCountry "ENG"]

1. e4 d5 2. Nc3 dxe4 3. Nxe4 Qd5 4. Nc3 Qa5 5. Nf3 Nf6 6. d4 Bf5 7. Bd2 e6 8. Bc4
Bb4 9. O-O O-O 10. a3 Bxc3 11. Bxc3 Qb6 12. Qe2 Nbd7 13. b4 Qc6 14. Bb2 Qe4 15. Qxe4
Bxe4 16. Bb3 Bxf3 17. gxf3 Nd5 18. Rfe1 N7f6 19. c4 Nf4 20. Rad1 Nh3+ 21. Kg2 Nf4+
22. Kh1 Nh3 23. Kg2 Nf4+ 24. Kf1 c6 25. a4 Rfd8 26. Bc1 Ng6 27. Bg5 h6 28. Bxf6 gxf6
29. Rd2 Rd6 30. c5 Rd7 31. Red1 Nh4 32. Ke2 Rad8 33. Bc2 Rd5 34. Be4 R5d7 35. f4
f5 36. Bh1 Ng6 37. Ke3 Ne7 38. b5 Nd5+ 39. Bxd5 exd5 40. bxc6 bxc6 41. Rb2 Re8+ 42.
Kf3 Kg7 43. a5 Kf6 44. a6 Re4 45. Rb4 Rde7 46. Rd3 Re1 47. Re3 R7xe3+ 48. fxe3 Ra1
49. Rb7 Rxa6 50. Rc7 Kg6 51. Kg3 f6 52. Kf3  1/2-1/2

[Event "4th 4NCL Easter Congress"]
[Site "Holiday Inn Peterborough - West"]
[Date "2024.04.01"]
[Round "6"]
[Board "8"]
[White "Graham, Oliver"]
[Black "Cawston, M John"]
[Result "0-1"]
[WhiteElo "1884"]
[BlackElo "1770"]
[PlyCount "0"]
[EventDate "2024.03.29"]
[EventRounds "7"]
[EventCountry "ENG"]

1. e4 c5 2. Nc3 a6 3. Nf3 e6 4. d4 cxd4 5. Nxd4 Nc6 6. Be3 Qc7 7. Be2 Nf6 8. a3 b5
9. O-O Bb7 10. f3 Be7 11. Bf2 h5 12. Bg3 Qb6 13. Bf2 Qc7 14. Qd2 h4 15. Rad1 Nh5
16. Ndxb5 axb5 17. Nxb5 Qb8 18. Bb6 O-O 19. Qxd7 Nf6 20. Qc7 Bd8 21. Rxd8 Rxd8 22.
Ra1 Rd7 23. Qxb8+ Rxb8 24. Be3 Ba6 25. a4 Nb4 26. c3 Nc2 27. Bf4 Nxa1 28. Bxb8 Rd2
29. Kf1 Rxb2 30. Bc7 Nb3 31. c4 Nc1 32. Bd1 Nd3 33. Bb6 Rb1 34. Ke2 Rxd1 35. Kxd1
Nb2+ 36. Kc2 Nxa4 37. Bf2 h3 38. g3 Nd7 39. Kb3 Nac5+ 40. Bxc5 Nxc5+ 41. Kb4 Nd3+
42. Ka5 Bb7 43. Kb6 Bc8 44. Kc7 Ba6 45. Kb6 Bc8 46. Kc7 Ba6 47. Nd6 Bxc4 48. Nxc4
Nf2 49. Ne3 Nh1 50. Kd6 Nxg3 51. hxg3 h2  0-1

[Event "4th 4NCL Easter Congress"]
[Site "Holiday Inn Peterborough - West"]
[Date "2024.04.01"]
[Round "6"]
[Board "9"]
[White "Willow, Hambel M"]
[Black "Matthews, Adrian MS"]
[Result "1-0"]
[WhiteElo "1766"]
[BlackElo "1860"]
[PlyCount "0"]
[EventDate "2024.03.29"]
[EventRounds "7"]
[EventCountry "ENG"]

1. d4 Nf6 2. c4 c5 3. d5 b5 4. cxb5 a6 5. Nc3 g6 6. e4 d6 7. Nf3 Bg4 8. h3 Bxf3 9.
Qxf3 Nfd7 10. Bf4 Bg7 11. Bd3 O-O 12. O-O Ne5 13. Qe2 axb5 14. Bxb5 Nbd7 15. Bh2
Nb6 16. f4 Ned7 17. e5 c4 18. Bc6 Ra5 19. Rae1 Nc5 20. Qd2 Nd3 21. Re2 Bh6 22. exd6
exd6 23. b3 Ne5 24. Ne4 Nxc6 25. dxc6 Rd5 26. c7 Qe7 27. Qb4 Bg7 28. bxc4 Rd3 29.
Qb1 Bd4+ 30. Kh1 Re3 31. Rxe3 Bxe3 32. c5 dxc5 33. Qxb6 Qxe4 34. Qb8 Qa8 35. Qxa8
Rxa8 36. Rb1 Kg7 37. Rb8 Rxa2 38. g3  1-0

[Event "4th 4NCL Easter Congress"]
[Site "Holiday Inn Peterborough - West"]
[Date "2024.04.01"]
[Round "6"]
[Board "10"]
[White "Sisupalan, Beni"]
[Black "Dos Santos Silva, Bruno Alexandre"]
[Result "1/2-1/2"]
[WhiteElo "1705"]
[BlackElo "1797"]
[PlyCount "0"]
[EventDate "2024.03.29"]
[EventRounds "7"]
[EventCountry "ENG"]

1. e4 c5 2. Nf3 d6 3. d4 cxd4 4. Nxd4 Nf6 5. Nc3 g6 6. f3 Bg7 7. Be3 O-O 8. Qd2 Nc6
9. O-O-O d5 10. Bh6 Bxh6 11. Qxh6 Nxd4 12. Rxd4 Qb6 13. Nxd5 Nxd5 14. Rxd5 Be6 15.
Rd3 Rac8 16. h4 Bxa2 17. c3 Qf2 18. Qd2 Qxd2+ 19. Rxd2 Rfd8 20. Be2 Rxd2 21. Kxd2
Bb3 22. Ra1 Rd8+ 23. Ke3 a6 24. Ra3 Be6 25. Ra4 Rd7 26. Rd4 Rc7 27. Bd3  1/2-1/2

[Event "4th 4NCL Easter Congress"]
[Site "Holiday Inn Peterborough - West"]
[Date "2024.04.01"]
[Round "6"]
[Board "11"]
[White "Tart, Peter K"]
[Black "Kaszuba, Adrian"]
[Result "1-0"]
[WhiteElo "1903"]
[BlackElo "1870"]
[PlyCount "0"]
[EventDate "2024.03.29"]
[EventRounds "7"]
[EventCountry "ENG"]

1. e4 e6 2. d4 b6 3. Bd3 Bb7 4. Qe2 f5 5. exf5 Bxg2 6. Qh5+ g6 7. fxg6 Nf6 8. g7+
Nxh5 9. gxh8=Q Bxh1 10. Qxh7 Qh4 11. Qg6+  1-0

[Event "4th 4NCL Easter Congress"]
[Site "Holiday Inn Peterborough - West"]
[Date "2024.04.01"]
[Round "6"]
[Board "12"]
[White "Bowers, Francis J"]
[Black "White, Nicholas E"]
[Result "1-0"]
[WhiteElo "1828"]
[BlackElo "1729"]
[PlyCount "0"]
[EventDate "2024.03.29"]
[EventRounds "7"]
[EventCountry "ENG"]

1. e4 d6 2. f4 g6 3. Nf3 Bg7 4. d4 Bg4 5. Be2 Nd7 6. O-O e5 7. fxe5 dxe5 8. Nxe5
Bxe2 9. Qxe2 Nxe5 10. dxe5 Qd4+ 11. Kh1 Qxe5 12. Nc3 c6 13. Qc4 Nf6 14. Bf4 Qe6 15.
Qb4 b6 16. Rad1 Bf8 17. Qd4 Be7 18. Bg5 Rd8 19. Qxd8+ Bxd8 20. Rxd8+ Kxd8 21. Bxf6+
Ke8 22. Bxh8 Qc4 23. Rd1 b5 24. Bf6  1-0

[Event "4th 4NCL Easter Congress"]
[Site "Holiday Inn Peterborough - West"]
[Date "2024.04.01"]
[Round "6"]
[Board "13"]
[White "Spencer, Paul"]
[Black "Morrish, John"]
[Result "1-0"]
[WhiteElo "1735"]
[BlackElo "1840"]
[PlyCount "0"]
[EventDate "2024.03.29"]
[EventRounds "7"]
[EventCountry "ENG"]

1. d4 Nf6 2. c4 e6 3. Nf3 b6 4. a3 Bb7 5. Nc3 Be7 6. e3 Ne4 7. Bd3 f5 8. O-O O-O
9. Bc2 Nxc3 10. bxc3 d6 11. Re1 g5 12. h3 Rf7 13. e4 f4 14. e5 d5 15. cxd5 Bxd5 16.
Bb3 c5 17. c4 Bxf3 18. Qxf3 Qc7 19. Qxa8  1-0

[Event "4th 4NCL Easter Congress"]
[Site "Holiday Inn Peterborough - West"]
[Date "2024.04.01"]
[Round "6"]
[Board "14"]
[White "Veselov, Ivan"]
[Black "O'Gorman, Brendan"]
[Result "1/2-1/2"]
[WhiteElo "1806"]
[BlackElo "1716"]
[PlyCount "0"]
[EventDate "2024.03.29"]
[EventRounds "7"]
[EventCountry "ENG"]

1. e4 c5 2. Nc3 a6 3. g3 b5 4. Bg2 Bb7 5. d3 e6 6. Nge2 d5 7. exd5 Nf6 8. O-O Nxd5
9. Ne4 Be7 10. a3 O-O 11. Bd2 Nc6 12. Re1 Qd7 13. Be3 Nxe3 14. fxe3 f5 15. Nd2 Ne5
16. Nf4 Bxg2 17. Kxg2 Rad8 18. Qe2 Nc6 19. Kg1 e5 20. Ng2 c4 21. d4 exd4 22. e4 Bc5
23. Kh1 d3 24. cxd3 Nd4 25. Qd1 cxd3 26. Nb3 Nxb3 27. Qxb3+ Kh8 28. exf5 Qxf5 29.
Nf4 Rfe8 30. Rxe8+ Rxe8 31. Qxd3 Qxd3  1/2-1/2

[Event "4th 4NCL Easter Congress"]
[Site "Holiday Inn Peterborough - West"]
[Date "2024.04.01"]
[Round "6"]
[Board "15"]
[White "Harris, John"]
[Black "Jordan, Mark A"]
[Result "1/2-1/2"]
[WhiteElo "1712"]
[BlackElo "1774"]
[PlyCount "0"]
[EventDate "2024.03.29"]
[EventRounds "7"]
[EventCountry "ENG"]

1. e4 d6 2. d4 g6 3. f4 Bg7 4. Nf3 c5 5. Bb5+ Bd7 6. Bxd7+ Nxd7 7. O-O cxd4 8. Nxd4
Ngf6 9. Qe2 Qb6 10. c3 O-O 11. Kh1 Rac8 12. Be3 Qa5 13. Nd2 a6 14. a4 Qc7 15. f5
Ne5 16. Bf4 Nh5 17. fxg6 hxg6 18. Bg5 Nf6 19. Rf4 Nc4 20. Nxc4 Qxc4 21. Rh4 Qxe2
22. Nxe2 Rc5 23. Be3 Rh5 24. Rxh5 Nxh5 25. Bd4 Nf6  1/2-1/2

[Event "4th 4NCL Easter Congress"]
[Site "Holiday Inn Peterborough - West"]
[Date "2024.04.01"]
[Round "6"]
[Board "16"]
[White "Shivakumar, Akshath"]
[Black "Kocan, Barry A"]
[Result "1-0"]
[WhiteElo "1722"]
[BlackElo "1719"]
[PlyCount "0"]
[EventDate "2024.03.29"]
[EventRounds "7"]
[EventCountry "ENG"]

1. d4 Nf6 2. c4 g6 3. f3 Bg7 4. e4 d6 5. Nc3 O-O 6. Bg5 Nbd7 7. Qd2 Re8 8. O-O-O
b6 9. Nge2 Bb7 10. h4 h5 11. Bxf6 Nxf6 12. g3 a5 13. Bh3 a4 14. g4 hxg4 15. Bxg4
Ba6 16. Qd3 Bh6+ 17. Kb1 c6 18. h5 Nxg4 19. fxg4 g5 20. Ng3 e6 21. d5 cxd5 22. exd5
Qc7 23. Nge4 Re7 24. Nf6+ Kf8 25. Qh7 Ree8 26. Qxh6+ Ke7 27. Nxe8 Rxe8 28. Qxg5+
Kd7 29. dxe6+ fxe6 30. h6 Bxc4 31. h7 Qc8 32. Qg7+  1-0

[Event "4th 4NCL Easter Congress"]
[Site "Holiday Inn Peterborough - West"]
[Date "2024.04.01"]
[Round "6"]
[Board "17"]
[White "Lawrence, Simon"]
[Black "Watkinson, Phil K"]
[Result "0-1"]
[WhiteElo "1731"]
[BlackElo "1744"]
[PlyCount "0"]
[EventDate "2024.03.29"]
[EventRounds "7"]
[EventCountry "ENG"]

1. e4 e5 2. d4 exd4 3. Qxd4 Nc6 4. Qe3 Nf6 5. Nc3 Bb4 6. Bd2 O-O 7. O-O-O Re8 8.
Qg3 d6 9. h4 Bxc3 10. Bxc3 Rxe4 11. Bd3 Rg4 12. Qh2 Qe7 13. f3 Ra4 14. Kb1 Be6 15.
a3 Nd5 16. Ne2 Nxc3+ 17. Nxc3 Rd4 18. Qg3 a6 19. h5 h6 20. f4 Qd7 21. Qe3 Bf5 22.
Bxf5 Rxd1+ 23. Rxd1 Qxf5 24. Nd5 Qxh5 25. Nxc7 Qxd1+  0-1

[Event "4th 4NCL Easter Congress"]
[Site "Holiday Inn Peterborough - West"]
[Date "2024.04.01"]
[Round "6"]
[Board "18"]
[White "Lawrence, Spencer"]
[Black "Sengupta, Sohana"]
[Result "1/2-1/2"]
[WhiteElo "1789"]
[BlackElo "1594"]
[PlyCount "0"]
[EventDate "2024.03.29"]
[EventRounds "7"]
[EventCountry "ENG"]

1. Nf3 d5 2. g3 Nf6 3. Bg2 Bf5 4. c4 c6 5. O-O e6 6. d4 h6 7. Nc3 Be7 8. Bf4 O-O
9. Nd2 Qb6 10. cxd5 exd5 11. Qb3 Nbd7 12. Qxb6 Nxb6 13. e4 dxe4 14. Ndxe4 Rad8 15.
Rfd1 Nc4 16. b3 Nd6 17. Bxd6 Bxd6 18. Nxf6+ gxf6 19. Ne4 Ba3 20. Nxf6+ Kg7 21. Nh5+
Kg8 22. Be4 Bxe4 23. Nf6+ Kg7 24. Nxe4 Bb2 25. Rab1 Bxd4 26. Kg2 Rfe8 27. Kf3 Kg6
28. Rd3 f5 29. Nc3 Bxc3 30. Rxc3 Rd2 31. Re3 Rxe3+ 32. Kxe3 Rxa2 33. Rd1 Ra3 34.
Rd3 Ra5 35. Kf4 Rb5 36. Rd6+ Kg7 37. Rd7+ Kg6 38. Rd6+  1/2-1/2

[Event "4th 4NCL Easter Congress"]
[Site "Holiday Inn Peterborough - West"]
[Date "2024.04.01"]
[Round "6"]
[Board "19"]
[White "Meredith, Daniel"]
[Black "Hu, Junyan"]
[Result "1-0"]
[WhiteElo "1670"]
[BlackElo "1704"]
[PlyCount "0"]
[EventDate "2024.03.29"]
[EventRounds "7"]
[EventCountry "ENG"]

1. e4 c5 2. d4 cxd4 3. c3 dxc3 4. Nxc3 Nc6 5. Nf3 d6 6. Bc4 Nf6 7. e5 Ng4 8. Bf4
Qb6 9. Qe2 dxe5 10. Bxe5 Qa5 11. Bf4 e6 12. O-O Bc5 13. Nb5 O-O 14. Nc7 Rb8 15. Nxe6
Re8 16. Bxb8 Nxb8 17. Nfg5 Nxf2 18. Rxf2 Bxe6 19. Nxe6 Bxf2+ 20. Qxf2 fxe6 21. Re1
Qb4 22. Bb3 Nc6 23. Rxe6 Rxe6 24. Bxe6+ Kh8 25. Bb3 Ne5 26. Qe3 Qa5 27. Qc3 Qxc3
28. bxc3 g6 29. Kf2 Kg7 30. h3 Kf6 31. Ke3 Nc6 32. Ke4 Ne7 33. g4 g5 34. Kd4 b6 35.
c4 Ng6 36. c5 bxc5+ 37. Kxc5 Nf4 38. Kb5 Nxh3 39. Bd1 Nf2 40. Be2 Ke5 41. Ka6 Kf4
42. Kxa7 Nxg4 43. a4 h5 44. a5 h4 45. Bb5 h3 46. a6 Ne5 47. Bf1 h2 48. Bg2 Nd7 49.
Ka8 Kg3 50. Bh1 Kh3 51. a7 g4 52. Kb7 g3 53. a8=Q g2 54. Qh8+ Kg3 55. Qg7+ Kf2 56.
Qxg2+ Ke3 57. Qh3+ Kf4 58. Qxd7 Kg3 59. Qd3+ Kh4 60. Qg6 Kh3 61. Kc6 Kh4 62. Kd5
Kh3 63. Ke4 Kh4 64. Kf3 Kh3 65. Qg3  1-0

[Event "4th 4NCL Easter Congress"]
[Site "Holiday Inn Peterborough - West"]
[Date "2024.04.01"]
[Round "6"]
[Board "21"]
[White "Denning, Julie L"]
[Black "Webster, Vivien"]
[Result "1-0"]
[WhiteElo "1757"]
[BlackElo "1766"]
[PlyCount "0"]
[EventDate "2024.03.29"]
[EventRounds "7"]
[EventCountry "ENG"]

1. e4 e5 2. Nf3 d6 3. Bc4 Be7 4. c3 Nf6 5. d3 O-O 6. O-O Nbd7 7. Be3 c6 8. Nbd2 b5
9. Bb3 a5 10. a4 b4 11. Re1 Nc5 12. Bxc5 dxc5 13. Nxe5 Qd6 14. Ndf3 Ng4 15. Nxg4
Bxg4 16. h3 Be6 17. Bxe6 Qxe6 18. Qd2 Rad8 19. Qe3 Qb3 20. Ne5 Rd6 21. Qxc5 Qxb2
22. Nxc6 Bh4 23. Qxd6 Bxf2+ 24. Kh1 Bxe1 25. Ne7+ Kh8 26. Ng6+ hxg6 27. Qxf8+ Kh7
28. Rxe1 Qf2 29. Rg1 bxc3 30. Qc8 Qd2 31. Qc4 c2 32. d4 Qb4 33. Qxc2  1-0

[Event "4th 4NCL Easter Congress"]
[Site "Holiday Inn Peterborough - West"]
[Date "2024.04.01"]
[Round "7"]
[Board "2"]
[White "Rubeck, Jonathan"]
[Black "Taylor, Robert K"]
[Result "1-0"]
[WhiteElo "1839"]
[BlackElo "1914"]
[PlyCount "0"]
[EventDate "2024.03.29"]
[EventRounds "7"]
[EventCountry "ENG"]

1. e4 e5 2. Nf3 Nc6 3. d4 exd4 4. Bc4 Nf6 5. e5 d5 6. Bb5 Ne4 7. Nxd4 Bd7 8. Bxc6
bxc6 9. O-O Bc5 10. Be3 O-O 11. f3 Ng5 12. f4 Ne4 13. Nd2 Qb8 14. Nxe4 dxe4 15. Rb1
a5 16. c3 Rd8 17. Qh5 Qc8 18. e6 Bxd4 19. Qxf7+  1-0

[Event "4th 4NCL Easter Congress"]
[Site "Holiday Inn Peterborough - West"]
[Date "2024.04.01"]
[Round "7"]
[Board "3"]
[White "Cawston, M John"]
[Black "Royle, Alex"]
[Result "0-1"]
[WhiteElo "1770"]
[BlackElo "1842"]
[PlyCount "0"]
[EventDate "2024.03.29"]
[EventRounds "7"]
[EventCountry "ENG"]

1. d4 Nf6 2. c4 e6 3. Nc3 Bb4 4. f3 d5 5. a3 Bxc3+ 6. bxc3 c5 7. cxd5 exd5 8. e3
O-O 9. Bd3 b6 10. Ne2 Ba6 11. O-O Bxd3 12. Qxd3 Re8 13. Ng3 Nc6 14. Bb2 h5 15. Rae1
h4 16. Nh1 Na5 17. Nf2 Nh5 18. Qf5 g6 19. Qg4 Rc8 20. Re2 Kg7 21. dxc5 Nc4 22. Qd4+
Kh7 23. cxb6 Qxb6 24. Qxb6 axb6 25. Rfe1 Nxb2 26. Rxb2 Rxc3 27. Rxb6 Rcxe3 28. Rxe3
Rxe3 29. Ng4 Rxa3 30. Rb7 Kg7 31. Ne5 Kf6 32. Nxf7 Ra1+ 33. Kf2 Ra2+ 34. Kf1 Nf4
35. g3 Nh3 36. gxh4 Rf2+ 37. Ke1 Rxf3 38. Nh6 Nf4 39. Rb6+ Ke5 40. Ng4+ Kf5 41. Nh6+
Ke4 42. Ng4 Ra3 43. Nf6+ Kf3 44. Nxd5 Nxd5 45. Rxg6 Ra1+ 46. Kd2 Ra2+ 47. Kc1 Rxh2
48. Rd6 Ne3 49. Rf6+ Ke4 50. Re6+ Kd3 51. Rd6+ Kc3 52. Rc6+ Nc4 53. Kd1 Kd3 54. Ke1
Re2+ 55. Kf1 Nd2+ 56. Kg1 Ke3 57. Rc3+ Kf4 58. Rc1 Kg3 59. Rc3+ Nf3+  0-1

[Event "4th 4NCL Easter Congress"]
[Site "Holiday Inn Peterborough - West"]
[Date "2024.04.01"]
[Round "7"]
[Board "4"]
[White "Wheeler, Tim"]
[Black "Ter Gevorkian, Edouardos"]
[Result "0-1"]
[WhiteElo "1813"]
[BlackElo "1850"]
[PlyCount "0"]
[EventDate "2024.03.29"]
[EventRounds "7"]
[EventCountry "ENG"]

1. e4 Nf6 2. e5 Nd5 3. d4 d6 4. Nf3 Bg4 5. exd6 cxd6 6. Be2 g6 7. h3 Bd7 8. c4 Nf6
9. Nbd2 d5 10. Ne5 Bg7 11. Ndf3 O-O 12. Qb3 Bc8 13. O-O Nc6 14. Nxc6 bxc6 15. Be3
Bd7 16. Rac1 Rb8 17. Qa3 Qb6 18. b3 e6 19. Ne5 Rb7 20. Rfd1 Re8 21. Bf3 a5 22. cxd5
cxd5 23. Nxd7 Nxd7 24. Qa4 Qa7 25. Bd2 Bxd4  0-1

[Event "4th 4NCL Easter Congress"]
[Site "Holiday Inn Peterborough - West"]
[Date "2024.04.01"]
[Round "7"]
[Board "5"]
[White "Mitchell, Stephen R"]
[Black "Willow, Hambel M"]
[Result "1-0"]
[WhiteElo "1932"]
[BlackElo "1766"]
[PlyCount "0"]
[EventDate "2024.03.29"]
[EventRounds "7"]
[EventCountry "ENG"]

1. d4 d5 2. Bg5 Bf5 3. c4 h6 4. Bh4 g5 5. Bg3 Nf6 6. Nc3 c6 7. f3 e6 8. e3 Bd6 9.
c5 Bc7 10. Bd3 Bxd3 11. Qxd3 Nbd7 12. Nge2 b6 13. cxb6 axb6 14. f4 Qb8 15. O-O Nh5
16. f5 Nxg3 17. hxg3 e5 18. e4 Nf6 19. dxe5 dxe4 20. Qc4 Bxe5 21. Qxc6+ Kf8 22. Nxe4
Nxe4 23. Qxe4 Bd6 24. f6 Bc5+ 25. Kh1 Qe8 26. Qxe8+ Rxe8 27. Nc3 h5 28. Rae1 h4 29.
g4 h3 30. g3 Bd4 31. Rxe8+ Kxe8 32. Re1+ Kf8 33. Ne4 Bxb2 34. Rd1 Ke8 35. Kh2 Rh6
36. Rd6 Be5 37. Rxb6 Rh4 38. Rb5 Bc7 39. Rxg5 Kd7 40. Rg7 Ke6 41. Ng5+ Kxf6 42. Rxf7+
Kxg5 43. Rxc7 Rh8 44. Rc4 Ra8 45. a4 Ra5 46. Re4 Ra7 47. Kxh3 Rh7+ 48. Kg2 Ra7 49.
Kf3 Rc7 50. Re5+ Kf6 51. Kf4 Rc1 52. Rf5+ Kg6 53. a5 Rc4+ 54. Kf3 Rc3+ 55. Kg2 Ra3
56. Rb5 Ra4 57. Kh3 Ra1 58. g5 Ra3 59. Kh4 Ra1 60. Rb6+ Kf5 61. Rf6+ Ke5 62. a6 Rh1+
63. Kg4 Ra1 64. Kh5 Ra3 65. g4 Ra4 66. Rb6 Kf4 67. g6 Ra5+ 68. g5 Rxg5+ 69. Kh6 Rg1
70. Kg7 Kf5 71. Rf6+ Ke5 72. Kf7 Rc1 73. Re6+ Kd5 74. Re7 Kd6 75. a7 Rf1+ 76. Ke8
Rh1 77. g7  1-0

[Event "4th 4NCL Easter Congress"]
[Site "Holiday Inn Peterborough - West"]
[Date "2024.04.01"]
[Round "7"]
[Board "6"]
[White "Obi, Okwose Marc"]
[Black "Sisupalan, Beni"]
[Result "1/2-1/2"]
[WhiteElo "1844"]
[BlackElo "1705"]
[PlyCount "0"]
[EventDate "2024.03.29"]
[EventRounds "7"]
[EventCountry "ENG"]

1. e4 e5 2. Nc3 Nf6 3. f4 d5 4. fxe5 Nxe4 5. Qf3 Nxc3 6. dxc3 Bc5 7. Be3 Qe7 8. O-O-O
Be6 9. Nh3 c6 10. Bd3 Nd7 11. Bxc5 Nxc5 12. Qg3 Nxd3+ 13. cxd3 Rg8 14. Rhf1 O-O-O
15. d4 Qd7 16. Ng5 h6 17. Nxe6 Qxe6 18. Rd3 Rd7 19. Rdf3 Re7 20. Rf6 gxf6 21. Qxg8+
Re8 22. Qg7 fxe5 23. Rf6 Qe7 24. Rxf7 Qg5+ 25. Qxg5 hxg5 26. dxe5 Rxe5 27. Rg7 Kb8
28. Kd2 a5 29. a4 Ka7 30. b3 Kb6 31. g3 Ka6 32. h4 gxh4 33. gxh4 Rf5 34. Rg2 Kb6
35. Rh2 Rh5 36. Ke3 Kc5 37. Kf4 b5 38. axb5 Kxb5 39. Kg4 Rh8 40. h5 a4 41. bxa4+
Kxa4 42. Kf5 Kb3 43. Rh3 Kc4 44. Ke5 Rh6 45. Kf5 c5 46. Kg5 Rh8 47. h6 d4 48. cxd4
cxd4 49. Kg6 d3 50. Kg7 Rb8 51. h7 d2 52. Rh1 Kc3 53. h8=Q Rxh8 54. Kxh8 Kc2 55.
Rh2 Kc1 56. Rxd2 Kxd2  1/2-1/2